<?xml version="1.0" encoding="UTF-8"?>
<collection xmlns:xsi="http://www.w3.org/2001/XMLSchema-instance" xsi:schemaLocation="http://www.loc.gov/MARC21/slim http://www.loc.gov/standards/marcxml/schema/MARC21slim.xsd" xmlns="http://www.loc.gov/MARC21/slim">
 <record>
  <leader>00000cam a22000001a 4500</leader>
  <controlfield tag="001">UP-8027390931312147628</controlfield>
  <controlfield tag="003">Buklod</controlfield>
  <controlfield tag="005">20070925092905.0</controlfield>
  <controlfield tag="006">o--- |     ||   ||</controlfield>
  <controlfield tag="007">ta</controlfield>
  <controlfield tag="008">740510s1970    xx     dr    |||| u|eng c</controlfield>
  <datafield tag="010" ind1=" " ind2=" ">
   <subfield code="a">74733091 /F/r97</subfield>
  </datafield>
  <datafield tag="035" ind1=" " ind2=" ">
   <subfield code="a">(iLib)UPCEB-00000000018</subfield>
  </datafield>
  <datafield tag="040" ind1=" " ind2=" ">
   <subfield code="a">Milliken Pub. Co.</subfield>
   <subfield code="c">DLC</subfield>
   <subfield code="d">DLC</subfield>
  </datafield>
  <datafield tag="050" ind1="1" ind2="0">
   <subfield code="a">GN743</subfield>
  </datafield>
  <datafield tag="082" ind1="1" ind2="0">
   <subfield code="a">913</subfield>
  </datafield>
  <datafield tag="090" ind1=" " ind2=" ">
   <subfield code="a">GN720</subfield>
   <subfield code="b">B97</subfield>
  </datafield>
  <datafield tag="100" ind1="1" ind2=" ">
   <subfield code="a">Byrne, Robert.</subfield>
  </datafield>
  <datafield tag="245" ind1="0" ind2="0">
   <subfield code="a">Prehistoric man</subfield>
   <subfield code="c">Robert Byrne; illustrated by Helen Hausner and Cliff Chaudron</subfield>
   <subfield code="h">[transparencies].</subfield>
  </datafield>
  <datafield tag="300" ind1=" " ind2=" ">
   <subfield code="a">12 transparencies.</subfield>
   <subfield code="b">color.</subfield>
   <subfield code="c">9 x 11 in.</subfield>
  </datafield>
  <datafield tag="490" ind1="1" ind2=" ">
   <subfield code="a">History of man series.</subfield>
   <subfield code="a">h[Transparencies].</subfield>
  </datafield>
  <datafield tag="650" ind1=" " ind2="0">
   <subfield code="a">Prehistoric peoples.</subfield>
  </datafield>
  <datafield tag="650" ind1=" " ind2="1">
   <subfield code="a">Archaeology.</subfield>
  </datafield>
  <datafield tag="852" ind1="0" ind2=" ">
   <subfield code="a">UPCEB</subfield>
   <subfield code="b">CEBU-LAHUG</subfield>
   <subfield code="h">GN720 B97</subfield>
  </datafield>
  <datafield tag="942" ind1=" " ind2=" ">
   <subfield code="a">Book</subfield>
  </datafield>
 </record>
</collection>
